00948cam a2200265 a 4500001000500000005001700005020001800022040002500040050001900065082000800084100002400092245008100116246001800197250002800215260003000243300004700273490002500320500005600345505000800401520018700409521002000596521002000616650002900636700001700665296620240126111718.0 a9780061878572 aDLCcDLCbengdFISKH00aPZ7.T233b201000a5431 aTeitelbaum, Michael10aSuperman.pI am Superman /cby Michael Teitelbaum ; pictures by Rick Farley.30aI am Superman aFirst published in 2010 aNew York :bHarper,c2010 a28 pages : bcolor illustrations ;c24 cm.0 aI can read !3Book 2 a"Superman created by Jerry Siegel and Joe Shuster." aE  aSuperman takes Lois Lane to his Fortress of Solitude to tell her about his life and powers, but they must return to Metropolis in a hurry when Lex Luthor tries to take over the city. a270 bLexile  aE bRaz-Plus  asuperman vearly reader 1 aFarley, Rick